Arte Taíno / (Registro nro. 45351)
[ vista simple ]
| 000 -CABECERA | |
|---|---|
| campo de control de longitud fija | 00842nam a2200193 a 4500 |
| 001 - NÚMERO DE CONTROL | |
| campo de control | 000045862 |
| 005 - FECHA Y HORA DE LA ÚLTIMA TRANSACCIÓN | |
| campo de control | 20260305073952.0 |
| 008 - DATOS DE LONGITUD FIJA--INFORMACIÓN GENERAL | |
| campo de control de longitud fija | 110831s1985 dr 000 0 spa d |
| 040 ## - FUENTE DE LA CATALOGACIÓN | |
| Centro catalogador/agencia de origen | DO-SdBNP |
| Lengua de catalogación | spa |
| Centro/agencia transcriptor | BNPHU |
| 082 ## - NÚMERO DE LA CLASIFICACIÓN DECIMAL DEWEY | |
| Número de clasificación | xxxx |
| Número de documento/Ítem | xxxx |
| 100 1# - ENTRADA PRINCIPAL--NOMBRE DE PERSONA | |
| Nombre de persona | Montás, Onorio |
| 9 (RLIN) | 59042 |
| 245 10 - MENCIÓN DE TÍTULO | |
| Título | Arte Taíno / |
| Mención de responsabilidad, etc. | Onorio Montás, Pedro José Borrell, Frank Moya Pons. |
| 250 ## - MENCIÓN DE EDICIÓN | |
| Mención de edición | 2a ed. |
| 260 ## - PUBLICACIÓN, DISTRIBUCIÓN, ETC. | |
| Lugar de publicación, distribución, etc. | Santo Domingo : |
| Nombre del editor, distribuidor, etc. | Banco Central de la República Dominicana, |
| Fecha de publicación, distribución, etc. | 1985. |
| 300 ## - DESCRIPCIÓN FÍSICA | |
| Extensión | 231 p. : |
| Otras características físicas | il. ; |
| Dimensiones | 32 cm. |
| 505 0# - NOTA DE CONTENIDO CON FORMATO | |
| Título | Presentación -- |
| -- | Los Taínos -- |
| -- | Objetivos utilizados en el ritual de la cohoba -- |
| -- | Adornos personales -- |
| -- | Recipientes -- |
| -- | Objetos utilitarios -- |
| -- | Objetos y diseños ceremoniales o de juego -- |
| -- | Coleccionistas -- |
| -- | Isla de procedencia |
| 700 1# - PUNTO DE ACCESO ADICIONAL--NOMBRE DE PERSONA | |
| Nombre de persona | Borrell B., Pedro J., |
| Fechas asociadas al nombre | 1944- |
| 9 (RLIN) | 66970 |
| 700 1# - PUNTO DE ACCESO ADICIONAL--NOMBRE DE PERSONA | |
| Nombre de persona | Moya Pons, Frank, |
| Fechas asociadas al nombre | 1944- |
| 9 (RLIN) | 2095 |
| Estado de retiro | Estado de pérdida | No para préstamo | Código de colección | Localización permanente | Ubicación/localización actual | Ubicación en estantería | Fecha de adquisición | Número de inventario | Total de préstamos | Signatura topográfica completa | Código de barras | Fecha visto por última vez | Precio válido a partir de | Tipo de ítem Koha |
|---|---|---|---|---|---|---|---|---|---|---|---|---|---|---|
| Excluido de préstamo | Patrimonio Dominicano | Patrimonio Dominicano | Patrimonio Dominicano | En catalogación | 25.05.2015 | LF1 | xxxx xxxx | 45862-10 | 25.06.2020 | 25.06.2020 | Libro y Folleto Colección Patrimonio Dominicano |
